Strategy and organizations test and cases in general management. (Record no. 131581)
[ view plain ]
| 000 -LEADER | |
|---|---|
| fixed length control field | 00506cam0a220018100 4500 |
| 001 - CONTROL NUMBER | |
| control field | tmp15938659 |
| 003 - CONTROL NUMBER IDENTIFIER | |
| control field | UPRA |
| 005 - DATE AND TIME OF LATEST TRANSACTION | |
| control field | 20190822105850.0 |
| 008 - FIXED-LENGTH DATA ELEMENTS--GENERAL INFORMATION | |
| fixed length control field | 951114s1977 xx eng u |
| 035 ## - SYSTEM CONTROL NUMBER | |
| System control number | (Sirsi) r50502 |
| 035 ## - SYSTEM CONTROL NUMBER | |
| System control number | (UPRA)tmp15938659 |
| 040 ## - CATALOGING SOURCE | |
| Transcribing agency | UPRA |
| 100 1# - MAIN ENTRY--PERSONAL NAME | |
| Personal name | Uyterhoeven, Hogo E. R. |
| Linkage | A8425.1 |
| 245 10 - TITLE STATEMENT | |
| Title | Strategy and organizations test and cases in general management. |
| 260 ## - PUBLICATION, DISTRIBUTION, ETC. | |
| Date of publication, distribution, etc. | 1977. |
| 949 ## - LOCAL PROCESSING INFORMATION (OCLC) | |
| a | HD31 |
| w | lcc |
| i | 33729005764357 |
| m | MAIN |
| p | 5000 |
| t | BOOK |
| l | ON-SHELF |
No items available.